Представление документа в формате MARC21

ПолеНазваниеЗначение
  Тип записи a
  Библиографический уровень m
001 Контрольный номер RU/URAIT/587025
005 Дата корректировки 20260429163710.3
008 Кодируемые данные 260429s2026 RU y f j 000 0 rus u
020 Индекс ISBN __
a ISBN 978-5-534-18226-2
c Цена, тираж 1319.00
040 Источник каталогиз. __
a Служба первич. каталог. ИКО Юрайт
c Служба, преобразующая запись ИКО Юрайт
e Правила каталог. RCR
041 Код языка издания __
a Код языка текста rus
044 Код страны публикации __
a Код страны публикации RU
080 Индекс УДК __
a Индекс УДК 621.3(075.8)
084 Индекс другой классификации/Индекс ББК __
2 Источник индекса rubbk
a Индекс другой классификации/Индекс ББК 30я73
100 Автор __
a Автор Червяков Г. Г.
q Полное имя Червяков Георгий Георгиевич
245 Заглавие __
a Заглавие Электронная техника
b Продолж. заглавия учебник для вузов
c Ответственность Г. Г. Червяков, С. Г. Прохоров, О. В. Шиндор.
250 Сведения об издании __
g пер. и доп
a Основные сведения об издании 2-е изд.
256 Характеристики компьютерного файла __
a Характеристики компьютерного файла Электрон. дан.
260 Выходные данные __
a Место издания Москва
b Издательство Юрайт
c Дата издания 2026
300 Физическое описание __
a Объем 235 с
440 Серия __
a Серия Высшее образование
500 Примечания __
a Примечание URL: https://urait.ru/bcode/587025 (дата обращения: 29.04.2026).
520 Аннотация __
a Аннотация Приведены основы физики полупроводников как базы для реализации элементов полупроводниковой твердотельной электроники и микроэлектроники. Рассмотрены физические процессы, протекающие в полупроводниковых приборах, используемых в современной технике. Даны классификация, параметры и характеристики существующих на рынке элементов твердотельной электроники, включая экспериментальные и опытные приборы микроволнового и оптического диапазонов на новых принципах и современных технологиях. Описаны преобразовательные приборы, использующие различные эффекты в полупроводниковых материалах. Приведены примеры инженерных расчетов с использованием эквивалентных электрических схем транзистора. Содержание курса соответствует актуальным требованиям Федерального государственного образовательного стандарта высшего образования. Для студентов высших учебных заведений, обучающихся по инженерно-техническим направлениям.
538 Прим. о системных особенностях __
a Прим. о системных особенностях Режим доступа: Электронно-библиотечная система Юрайт, для авториз. пользователей
653 Ключевые слова __
a Ключевые слова Электротехника, электроника, телекоммуникации
653 Ключевые слова __
a Ключевые слова Технические науки
653 Ключевые слова __
a Ключевые слова Микроэлектроника
653 Ключевые слова __
a Ключевые слова Технология материалов и изделий электронной техники
653 Ключевые слова __
a Ключевые слова Физика полупроводников
653 Ключевые слова __
a Ключевые слова Полупроводниковая электроника
653 Ключевые слова __
a Ключевые слова Электронные и оптико-электронные приборы специального назначения
653 Ключевые слова __
a Ключевые слова Электронная техника
653 Ключевые слова __
a Ключевые слова Основы физики полупроводников
653 Ключевые слова __
a Ключевые слова Основы микроэлектроники
653 Ключевые слова __
a Ключевые слова Электронные вычислительные машины и периферийные устройства
653 Ключевые слова __
a Ключевые слова Промышленная электроника
653 Ключевые слова __
a Ключевые слова Электронные приборы
653 Ключевые слова __
a Ключевые слова Физические основы электронных приборов
653 Ключевые слова __
a Ключевые слова Технологии микроэлектроники
653 Ключевые слова __
a Ключевые слова Введение в микроэлектронику
653 Ключевые слова __
a Ключевые слова Основы электронной техники
653 Ключевые слова __
a Ключевые слова Электроника и микроэлектроника
653 Ключевые слова __
a Ключевые слова Микроволновые устройства систем радиосвязи
653 Ключевые слова __
a Ключевые слова Технология изделий электронной техники
700 Другие авторы __
a Другие авторы Прохоров С. Г.
q Полное имя Прохоров Сергей Григорьевич
700 Другие авторы __
a Другие авторы Шиндор О. В.
q Полное имя Шиндор Ольга Владимировна
856 Электронный адрес документа 40
n Местонахождение сервера Юрайт
g Электронная книга
q Тип электронного формата html
h Имя пользователя ЮРАЙТ
v Часы доступа к ресурсу 20271231
2 Способ доступа Показать документ
x Служебное примечание https://urait.ru/book/cover/ED0D8CE2-D7ED-4AD1-B4A6-85A5459A664A
u URL https://urait.ru/bcode/587025
856 Электронный адрес документа 48
q Тип электронного формата cover
u URL https://urait.ru/book/cover/ED0D8CE2-D7ED-4AD1-B4A6-85A5459A664A
911 __
u 0030=https://urait.ru/bcode/587025
911 __
u 073a=9785534182262
u 073d=1319.00
911 __
u 106a=s
911 __
u 900l=
952 Тип литературы __
i Дисциплина Микроэлектроника
952 Тип литературы __
i Дисциплина Технология материалов и изделий электронной техники
952 Тип литературы __
i Дисциплина Физика полупроводников
952 Тип литературы __
i Дисциплина Полупроводниковая электроника
952 Тип литературы __
i Дисциплина Электронные и оптико-электронные приборы специального назначения
952 Тип литературы __
i Дисциплина Электронная техника
952 Тип литературы __
i Дисциплина Основы физики полупроводников
952 Тип литературы __
i Дисциплина Основы микроэлектроники
952 Тип литературы __
i Дисциплина Электронные вычислительные машины и периферийные устройства
952 Тип литературы __
i Дисциплина Промышленная электроника
952 Тип литературы __
i Дисциплина Электронные приборы
952 Тип литературы __
i Дисциплина Физические основы электронных приборов
952 Тип литературы __
i Дисциплина Технологии микроэлектроники
952 Тип литературы __
i Дисциплина Введение в микроэлектронику
952 Тип литературы __
i Дисциплина Основы электронной техники
952 Тип литературы __
i Дисциплина Электроника и микроэлектроника
952 Тип литературы __
i Дисциплина Микроволновые устройства систем радиосвязи
952 Тип литературы __
i Дисциплина Технология изделий электронной техники